01188 2200349 4500001002100000005001500021035002000036007000300056008004100059020002200100040002200122100002600144245017100170300004500341850001200386264004300398336002100441337003000462338002300492504002800515250003400543700003000577700004600607700003800653700003200691090002200723999002200745082001500767084001700782650001700799990002200816INLIS00000000090006320251003094733 a0010-1025000086ta250303s2025 yoia g ind d a978-623-129-561-3 aYOPDYOGbinderda0 aSuherlindaePengarang10aMengeksplor kepemimpinan dalam kearifan lokal budaya Mandailing /cSuherlinda, Uci Rahmadhani, Rezki Agus Pandai Yani Tanjung, Sanrais Josua Saragih, Wahyu Tri Atmojo aix, 83 halaman :btabel, gambar ;c20 cm aYOPDYOG31aSleman :bBintang Semesta Media,c2025 2rdacontentateks 2rdamediaatanpa perantara 2rdacarrieravolume aBibliografi: halaman 71 aCetakan pertama, Agustus 20250 aUci RahmadhaniePengarang0 aRezki Agus Pandai Yani TanjungePengarang3 aSaragih, Sanrais JosuaePengarang0 aWahyu Tri AtmojoePengarang aCB-D.11 2025-3338 aCB-D.11/2025-333804223a303.34 a303.34 SUH m 4aKepemimpinan aCB-D.11/2025-3338